00485nam a2200145 i 4500001000300000100001700003245010500020260002100125700002700146040000800173041000800181080001100189008004100200856009800241bg1 aBOTHA, J. F. 0aFundamental concepts in the numerical solution of differential equations /cJ.F. Botha, G.F. Pinder. aNew York,c1983.1 aPINDER, George Francis cBPK apol a519.63 s pl f |000 0 pol  uhttp://koha.tu.koszalin.pl/cgi-bin/koha/opac-detail.pl?biblionumber=28302yKatalog online BPK